=LDR 00000nam 2200000 4500 =001 INLIS000000000033392 =005 20161021105208.0 =006 =007 =008 Ind =035 ##$$0010-061300000033392 =041 ##$$a Ind =082 ##$$a 352 =090 ##$$a 352 Suh n =100 ##$$a Suhardi, Gunarto =245 ##$$a Negara Kesatuan dan Otonomi Daerah =260 ##$$a 2006 $b Yogyakarta =300 ##$$a x, 66 hlm, 23 cm =650 ##$$a Hukum dan Konstitusi =850 ##$$a NBPNMAT =990 ##$$a 0001/BPAP-NTB/2015 =990 ##$$a 0001/BPAP-NTB/2016